00690nam a22002057a 450000500170000001000150001702000260003203500140005803700090007208200110008110000260009224500480011825000060016626000310017227000570020330000270026094200250028799900190031295201530033120260519110305.0 aENG-148526 a9789364445849c775.00 aEN-132058 bDBAD 21a954 aSangwan, Nitin975344 aCourseware on Modern India/cSangwan, Nitin a1 aChennaibMcGraw Hillc2026 a5/90 A, Butt Road, St. Thomas MountbChennaie600016 a620p.c24cm(pb)bIndex 2ddccENh954mSANe1 c216259d216259 001040708NFICaTNbTNd2026-05-19eDelivery of Books Act Divisiong775.00l0o954 SANpEN-132058r2026-05-19 11:03:32t 1v775.00w2026-05-19yEN